000 01643nam a2200421 i 4500
001 ELB126146
003 FINmELB
005 20250326043301.0
006 m o d |
007 cr cnu||||||||
008 210519s2019 sp a o 000 0 spa d
020 _a9788413400327
_q(e-book)
035 _a(OCoLC)1252202663
040 _aFINmELB
_bspa
_erda
_cFINmELB
050 4 _aML1015.G9
_bT736 2019
080 _a7
082 0 4 _a787
_223
100 1 _aTrancart, Vinciane,
_eautor.
245 1 0 _aVisiones desafinadas :
_bPrácticas y rerpesentaciones de la guitarra en Madrid y en Andalucía (1883-1922) /
_cVinciane Trancart.
264 1 _aZaragoza :
_bPrensas de la Universidad de Zaragoza,
_c2019.
300 _a1 recurso en línea (459 páginas) :
_bilustraciones
336 _atexto
_btxt
_2rdacontent/spa
337 _acomputadora
_bc
_2rdamedia/spa
338 _arecurso en línea
_bcr
_2rdacarrier/spa
490 1 _aDe Arte ;
_v15
588 _aDescripción basada en metadatos suministrados por el editor y otras fuentes.
590 _aRecurso electrónico. Santa Fe, Arg.: elibro, 2021. Disponible vía World Wide Web. El acceso puede estar limitado para las bibliotecas afiliadas a elibro.
650 0 _aGuitar
_zSpain
_zMadrid.
650 4 _aGuitarra española en el arte.
650 4 _aGuitarra española
_xHistoria.
655 4 _aLibros electrónicos.
797 2 _aelibro, Corp.
830 0 _aDe Arte ;
_v15.
856 4 0 _uhttps://elibro.net/ereader/usam/126146
999 _c143843
_d143843